000 00702nam a2200229Ia 4500
003 OSt
005 20220918204950.0
006 a|||||r|||| 00| 0
007 ta
008 220917b |||||||| |||| 00| 0 eng d
024 _a114,868
037 _cTextual
040 _aARTS
_cARTS
_beng
041 _2eng
_aeng
082 _aV6:19:M5, K7 (906)
100 _aHaight Mabel V Jackson
_9113729
245 0 _aEuropean powers and south East Africa
_b A study of international relations on the South East Coast of Africa 1796-1856
260 _aNA
_bNA
_c1967
650 _aHISTORY
942 _hV6:19:M5, K7 (906)
_cTEXL
_2CC
999 _c238198
_d238198